|
|
|
|
| LEADER |
00000nam0a2200000 4500 |
| 001 |
87414 |
| 005 |
20231031102211.0 |
| 020 |
|
|
|a RU
|b 80-21962
|
| 035 |
|
|
|a (RuTPU)RU\TPU\book\93847
|
| 090 |
|
|
|a 87414
|
| 100 |
|
|
|a 20051208d1979 m a0rusy5003 ca
|
| 101 |
1 |
|
|a rus
|c ger
|
| 102 |
|
|
|a RU
|
| 105 |
|
|
|a a z 001zy
|
| 200 |
1 |
|
|a Плоды Земли
|f Г. Франке, К. Хаммер, П. Ханельт и др.
|e пер. с нем.
|
| 210 |
|
|
|a Москва
|c Мир
|d 1979
|
| 215 |
|
|
|a 270 с.
|d 25 см
|
| 225 |
1 |
|
|a Библиотечная серия
|
| 318 |
|
|
|5 63413507
|a Плоды земли. Во саду ли, в огороде
|b выставка
|
| 330 |
|
|
|a Коллективный труд авторов ГДР о важнейших,культурных растениях нашей планеты — их происхождении, развитии и использовании человеком. Весьма насыщенный текстовой материал органично дополняют многочисленные цветные фотографии, рисунки, схемы и диаграммы. Книга имеет большое познавательное значение и доступна самому широкому читателю, проявляющему интерес к природе Земли.
|
| 610 |
1 |
|
|a сельскохозяйственные культуры
|
| 610 |
1 |
|
|a растения
|
| 610 |
1 |
|
|a роль
|
| 610 |
1 |
|
|a крахмалоносные растения
|
| 610 |
1 |
|
|a масличные растения
|
| 610 |
1 |
|
|a фруктовые растения
|
| 610 |
1 |
|
|a растения сахароносные
|
| 610 |
1 |
|
|a овощные культуры
|
| 610 |
1 |
|
|a растения тонизирующие
|
| 675 |
|
|
|a 631
|z rus
|
| 701 |
|
1 |
|a Франке
|b Г.
|g Гунтер
|
| 701 |
|
1 |
|a Хаммер
|b К.
|g Карл
|
| 701 |
|
1 |
|a Ханельт
|b П.
|g Петер
|
| 701 |
|
1 |
|a Кетц
|b Г.-А.
|g Ганс-Альбрехт
|
| 801 |
|
0 |
|a RU
|b RuMRKP
|c 19950704
|g psbo
|
| 801 |
|
1 |
|a RU
|b 63413507
|c 20051208
|g PSBO
|
| 801 |
|
2 |
|a RU
|b 63413507
|c 20100928
|g PSBO
|
| 942 |
|
|
|c BK
|